| 000 | 00573nam a2200229Ia 4500 | ||
|---|---|---|---|
| 008 | 101110s9999 xx 000 0 und d | ||
| 041 | _aMARATHI | ||
| 082 |
_bSR28230 _a891.46009 |
||
| 100 | _aChoughule V.S. | ||
| 245 | _aSant, samaj aani adhyatma | ||
| 260 |
_c2006 _bMadhura Prakashan, Mira road |
||
| 300 | _a140 | ||
| 365 | _b110 | ||
| 520 | _aMarathi | ||
| 520 | _aUGC X PLAN (2005-2006) | ||
| 546 | _aMARATHI | ||
| 630 | _aSant, samaj aani adhyatma | ||
| 650 | _aMarathi | ||
| 655 | _aMarathi | ||
| 730 | _aSant, samaj aani adhyatma | ||
| 942 | _cBOOK | ||
| 999 |
_c820769 _d820766 |
||